000
00314nam a22001337a 4500
008
180222b xxu||||| |||| 00| 0 eng d
020
_a
677755001
041
_a
eng
080
_a
941
100
_a
16
101
_a
HIS
245
_a
Perspectives on the History of Economic Thought
_c
Walker, D.A
942
_2
udc
_c
BK
999
_c
43161
_d
43161